Taylor Swift - Paroles Ours - Statistiques

Statistiques générales
  • Ce quiz a été pris 19 fois
  • Le résultat moyen est 263 sur 297
Statistiques - réponses
Hint Réponse % Correct
and
100%
And
100%
are
100%
at
100%
be
100%
But
100%
but
100%
do
100%
don't
100%
Refrain Don't
100%
for
100%
from
100%
hard
100%
I
100%
I'll
100%
is
100%
it
100%
it's
100%
know
100%
life
100%
like
100%
little
100%
look
100%
love
100%
makes
100%
me
100%
my
100%
ours
100%
People
100%
people
100%
pretty,
100%
rocks
100%
shine
100%
that
100%
the
100%
The
100%
they
100%
They
100%
things
100%
this
100%
throw
100%
to
100%
up
100%
what
100%
who
100%
worry
100%
you
100%
Couplet 2 You
100%
your
100%
you're
100%
youre
100%
about
88%
About
88%
air
88%
can't
88%
'cause
88%
'Cause
88%
Couplet 1 Elevator
88%
have
88%
heart
88%
high,
88%
If
88%
in
88%
laugh
88%
mind
88%
morning
88%
never
88%
not
88%
now
88%
right
88%
rough
88%
silence
88%
Refrain So
88%
someone
88%
stairs
88%
stakes
88%
Strangers'
88%
take
88%
their
88%
time
88%
wanna
88%
we'd
88%
always
75%
belong,
75%
care
75%
choice
75%
disapproves
75%
here
75%
ignored
75%
mine
75%
say
75%
Seems
75%
sleeves
75%
speculate
75%
tattoos
75%
theirs
75%
there's
75%
water's
75%
were
75%
what's
75%
where
75%
wrong,
75%
yours
75%
any
63%
between
63%
buttons
63%
comes
63%
else
63%
father
63%
gap
63%
hands
63%
judge
63%
nothing
63%
out,
63%
out
63%
remarks
63%
riddles
63%
speak
63%
stares
63%
teeth
63%
They'll
63%
those
63%
tough
63%
will
63%
with
63%
With
63%
jump
50%
smiles
50%
snide
50%
song
50%
vacant
50%
you'll
50%
faith
38%
give
38%
gonna
38%
jury's
38%
past
38%
verdict
38%
doubt
25%
fight
25%
Ghosts
25%
gloss
25%
lip
25%
Lurking
25%
shadows
25%
Aucun quiz correspondant
Distribution des résultats
% des personnes avec chaque résultat
Percentile par nombre de réponses
Votre historique - résultats
Vous n’avez pas pris ce quiz